00486nam a22001577a 450000500170000000800410001702000150005804100130007308200150008610000400010124500670014125000190020826000460022730000300027365000250030320231110144520.0231110b |||||||| |||| 00| 0 eng d a0409021733 aEnglish  a346.1 CRO  aCronje, DSP and Heaton, JlEnglish  aThe South African Law of Persons / cDSP Cronje and J Heaton  aSecond Edition aDurban : bLexisNexis Butterworths,c2003 bix, 166 pages ; c25 cm.  aLegal practice bLaw